LEADER 01320nam a2200289 i 4500 001 000000155595 003 CaOOAMICUS 005 20061115000000.0 008 061115s1967 it u000 u ita u 013 $a132948 040 $aSeMil$bita 240 12$aL'opera completa di William Hogarth pittore.$0(OLS)http://semarc/title/227908 245 12$aL'opera completa di Hogart pittore /$cpresentazione di Gabriele Baldini ; apparati critici e filologici di Gabriele Mandel. 260 $aMilano :$bRizzoli,$c1967. 300 $a120 p. :$briccamente ill. ;$c32 cm. 490 0 $aClassici dell'arte ;$v15 500 $aContiene : Bibliografia essenziale. 650 4$aArte.$0(OLS)http://semarc/subject/1231 650 4$aPittura.$0(OLS)http://semarc/subject/471 650 4$aHogarth, William.$0(OLS)http://semarc/subject/16931 700 1 $aMandel, Gabriele,$d<1924-2010>.$0(OLS)http://semarc/name/18752 700 1 $aBaldini, Gabriele,$d<1919-1969>.$0(OLS)http://semarc/name/1187 830 0$aClassici dell'arte ;$v15.$0(OLS)http://semarc/title/529 850 $aSeMil 852 $aSeMil$W1$xVenegono$y1$m5L XI 15$j107426$B107426$CSeMilBibl$Z2$F116849 $81 996 $6245$aL'opera completa di Hogart pittore$9(OLS)http://semarc/title/227907 996 $6260$aMilano :$bRizzoli$9(OLS)http://semarc/publisher/29824 LEADER 01195nam a2200301 4500 001 000000344236 003 CaOOAMICUS 005 20210209164640.0 008 210208s1992 it 001 u ita r 020 $a88-304-1083-7 040 $aSeMil$bita 100 1 $aGassman, Vittorio,$d<1922-2000>.$0(OLS)http://semarc/name/7731 245 10$aUlisse e la balena bianca / $cdi Vittorio Gassman ; prefazione di Guido Almansi. 250 $aSeconda edizione 264 1$aMilano :$bLonganesi,$c1992. 300 $a119 p. ;$c22 cm 490 1 $aLa gaja scienza ;$v375 541 $aFondo mons. Pasquale Macchi (1A II 280) 700 1 $aAlmansi, Guido,$d<1931-2001>.$0(OLS)http://semarc/name/36670 830 3$aLa gaja scienza ;$v375.$0(OLS)http://semarc/title/1166 850 $aSeMil 852 $aSeMil$W1$xVenegono$y1$m1A II 280$j224008$B235259$CSeMilBibl$Z2$F235259 $81 941 1 $a8 961 $aFondo mons. Pasquale Macchi 996 $6020$a88-304-1083-7$9(OLS)http://semarc/number/292334 996 $6245$aUlisse e la balena bianca / $9(OLS)http://semarc/title/433318 996 $6264$aMilano :$bLonganesi$9(OLS)http://semarc/publisher/30008